MDQL
is popping MORE tags! Check the
thread
!
Quizzes
Events
Quiz Creation
Community
Videos
Private Events
Remove Ads
Sign In
Join for FREE
Feedback
Dark Mode
Quiz Categories
Sports
Geography
Music
Movies
Television
Just For Fun
Miscellaneous
History
Literature
Language
Science
Gaming
Entertainment
Religion
Holiday
For Kids
Quiz Lab
Recent
Popular Today
Quiz Kudos Today
Editor Picks
Curator Picks
Quizzes by...
Day
Popularity
Type
Ratings
Length
Year
Community
Subscriptions
Recent Discussions
Orange Saloon
Badges
Playlists
Quests
Create
Leaderboards
Showdown
Live 5
Trivia Bingo
Activity
Puzzle Library
Sporcle Events
Private Events
Virtual Trivia
Globe League
Become a Host
Pub Owners
SporcleCon
Opinionation
Our Games
Videos
Blog
Mobile Apps
Partnerships
Remove Ads and Go Orange
Feedback
Gaming
Video Games
Board Games
Card Games
Pokémon
Mario
Nintendo
Minecraft
Console
Toys
Legend of Zelda
Gaming
Video Games
Board Games
Card Games
Pokémon
Mario
Nintendo
Minecraft
Console
Toys
Legend of Zelda
Random Quiz
Search Sporcle
×
Quiz Lab
Quiz Lab
Gaming
hearthstone
Type in answers that appear in a list
Type in answers that appear in a list
Classic
Best Score? Go Orange.
Hearthstone 0 cost cards Stats
Can you name the Hearthstone 0 cost cards
By
TheArchmage
10m
58 Questions
220 Plays
220 Plays
220 Plays
Comments
Comments
Give Quiz Kudos
Give Quiz Kudos
-
- Ratings
hide this ad
Replay
Link that replays current quiz
Next Quiz
Link to next quiz in quiz playlist
You Got
0%
They Got
Avg Score
22%
Avg Friend Score
Upgrade to see
Score Distribution
Jump to the score distribution portion of the page
Score
0/58
Timer
10:00
0
Plays Today
Card
% Correct
Wisp
95.9%
Target Dummy
74.2%
Innervate
61.9%
Moonfire
48.5%
Moonfire
48.5%
The Coin
48.5%
Backstab
45.4%
Inner Rage
44.3%
Circle of Healing
43.3%
Preparation
41.2%
Silence
40.2%
Hunter's Mark
39.2%
Totemic Might
39.2%
Sacrificial Pact
38.1%
Shadowstep
37.1%
Ancestral Healing
35.1%
Mirror Image
24.7%
Excess Mana
23.7%
Sheep
23.7%
Nightmare
22.7%
Dream
21.6%
Murloc Scout
17.5%
Spellbender
17.5%
Frog
16.5%
Gallywix's Coin
15.5%
Snake
15.5%
Violet Apprentice
15.5%
Chicken
14.4%
Rooted
14.4%
Card
% Correct
Uproot
14.4%
Burrowing Mine
13.4%
Ancient Secrets
12.4%
Ancient Teachings
12.4%
Dispel
12.4%
Leader of the Pack
12.4%
Mr.Bigglesworth
12.4%
Shan'do's Lesson
12.4%
Bear Form
11.3%
Cat Form
11.3%
Demigod's Favor
11.3%
Firesworn
11.3%
Gift of Cards
11.3%
Gift of Mana
11.3%
Spore
11.3%
Summon a Panther
11.3%
Burning Adrenaline
10.3%
Living Lava
10.3%
Shadow of Nothing
10.3%
Whirling Ash
10.3%
Arcanotron
8.2%
Attack Mode
8.2%
Barrel
8.2%
DIE, INSECT!
8.2%
Fire Hawk Form
8.2%
Firecat Form
8.2%
Recharge
8.2%
Son of the Flame
8.2%
Tank Mode
8.2%
Quiz Playlist
Details
Report
Send in Message
Add To Playlist
Classic:
Type in answers that appear in a list
Last Updated: Feb 16, 2017
Quiz Scoreboard
CHALLENGE
Sign Up to Join the Scoreboard
Show All
Scores
Hide
Comments
May contain spoilers
Recently Published
Find the 'City' Movie
by crazypaving
Movies
60s
5x2 Blitz: Bands
by SL_Kpop136
Music
30s
Colored Red Africa Blitz
by spor1
Geography
30s
More to Explore
Quiz From the Vault
Featured Blog Post
14 Easter Pick-up Lines to Find Eggs With
hide this ad
You Might Also Like...
Tags
cost
hearthstone
Today's Top Quizzes in Gaming
Browse Gaming
hide this ad
Top Contributed Quizzes in Gaming
1
Destiny 2 exotic weapons by perk icons
2
Legendary or Exotic?
3
Dead By Daylight Logic Puzzle
4
Genshin murder mystery
5
League of Legends Pro Players by Career/Team History
6
Overwatch Logic Puzzle
7
Stardew Mayhem 2: Electric Boogaloo
8
Windmill: Elements
9
Arcade Game Bunker
10
Valorant Utility Use (Up to Clove)
Explore More
Trending Topics
NBA
Kpop
Harry Potter
Anime
Marvel
Disney
Crossword
Song
Puzzle
NFL
Country
Pokémon
WWE
Soccer
The Office
hide this ad
More By:
TheArchmage
Quiz
Plays
Rating
Category
Featured
Created
All hearthstone dragons
380
1.50
Entertainment
Sep 28, 2014
Hearthstone 0 cost cards
220
2.00
Gaming
Sep 30, 2014
Hearthstone all demons
202
Entertainment
Sep 28, 2014
Heroes of Might and Magic V Creatures
174
5.00
Gaming
Nov 26, 2019
Hearthstone rares by ability
170
5.00
Gaming
Sep 27, 2014
Go to Creator's Profile
Score Distribution
Quiz Creator Spotlight
TheArchmage
Follow
Send a Message
Quizzes Created
-
Created Quiz Play Count
-
More By This Creator
Popular Quizzes Today
1
Find the 'City' Movie
2
5x2 Blitz: Bands
3
Colored Red Africa Blitz
4
Find the US States - No Outlines Minefield
5
The Countries of the World
6
Find the US States
7
9x9 Crossword: Cartoon Network
8
US States
More Gaming Quizzes
Fence In Jellyfish Fields # 15
Quiz Lab
Trending Quizzes
Colored Red Africa Blitz II
Colored Red Europe Blitz I
Colored Red Africa Blitz III
Colored Red Europe Blitz II
Colored Red Europe Blitz III
Recently Updated
Champions League XIs: Real Madrid
pecheneg
Largest US Cities 1790-2010
pecheneg
Rides in Walt Disney World
pecheneg
Most Oscar Losses (Acting)
pecheneg
Beyoncé Albums
pecheneg
Leaping Animals
pecheneg
Reality TV Shows (A-Z)
bhenderson79
Rickey Henderson's Hall of Fame Teammates
pecheneg
Champions League XIs: Arsenal
pecheneg
Quick Pick: Celebrities in WWE's Hall of Fame
aduchscher
Trending Topics
Kpop
Anime
Disney
Marvel
Harry Potter
Crossword
NBA
NFL
Soccer
The Office
Country
Puzzle
Song
Pokémon
WWE
Your Account Isn't Verified!
In order to create a playlist on Sporcle, you need to verify the email address you used during registration. Go to your
Sporcle Settings
to finish the process.
Report this User
Report this user for behavior that violates our
Community Guidelines
.
Details:
Send Report
Go to the Sporcle.com Mobile Site →
Comments